00472 2200181 4500001002100000005001700021006001900038008004100057020002200098035002500120041000700145082001300152090001900165100001300184245003400197260004200231650001700273INLIS00000000000419120140317094212.0a ||| | 180719| ||| | id  a978-979-22-2206-7 a0010-031300000004191 aid0 a641.3373 a641.3373 IND m0 aIndriani00aMinuman kopi favorit ala cafe aJakartabGramedia pustaka utamac2007 0aminuman kopi